Son of the White Wolf /

Bibliographic Details
Main Author: Howard, Robert E. (Robert Ervin), 1906-1936 (Author)
Other Authors: Boas, Marcus (Fantasy illustrator), illustrator
Format: Book
Language:English
Published: West Linn, Or. : FAX, 1977.
Subjects:

MARC

Tag First Indicator Second Indicator Subfields
LEADER 00000cam a2200000 i 4500
001 in00000060104
005 20221128211227.3
008 780105s1977 oruaf 000 j eng
010 |a  77073604  
035 |a (OCoLC)ocm03281501 
035 |a (OCoLC)03281501 
035 |9 AAG8796AM 
040 |a DLC  |b eng  |c DLC  |d BAKER  |d BTCTA  |d OCLCF  |d NUI  |d OCL  |d OCLCQ 
020 |a 0913960098 
020 |a 9780913960097 
029 1 |a AU@  |b 000067664988 
035 |a (OCoLC)3281501 
050 0 0 |a PZ3.H8348  |b Sn 1977  |a PS3515.O842 
049 |a TXAM 
090 |a PS3515.O842  |b S635 1977 
100 1 |a Howard, Robert E.  |q (Robert Ervin),  |d 1906-1936,  |e author. 
245 1 0 |a Son of the White Wolf /  |c Robert E. Howard ; illustrated by Marcus Boas. 
260 |a West Linn, Or. :  |b FAX,  |c 1977. 
300 |a xiv, 170 pages, 3 unnumbered leaves of plates :  |b illustrations ;  |c 24 cm 
336 |a text  |b txt  |2 rdacontent 
337 |a unmediated  |b n  |2 rdamedia 
338 |a volume  |b nc  |2 rdacarrier 
500 |a Short stories. 
500 |a The Cushing Library/Science Fiction copy was received as a part of the MacDonnell Robert E. Howard Collection. 
500 |a One of the Cushing Library/Science Fiction copies donated by Victor W. Horadam. 
505 0 |a Blood of the gods. -- Country of the knife. -- Son of the White Wolf. 
650 0 |a Adventure stories, American. 
650 0 |a Fantasy fiction, American. 
650 7 |a Adventure stories, American.  |2 fast  |0 (OCoLC)fst00797469 
650 7 |a Fantasy fiction, American.  |2 fast  |0 (OCoLC)fst00920725 
655 7 |a Fantasy fiction  |2 fast  |0 (OCoLC)fst01726607 
655 7 |a Fantasy fiction.  |2 lcgft 
700 1 |a Boas, Marcus  |c (Fantasy illustrator),  |c illustrator. 
938 |a Baker & Taylor  |b BKTY  |c 19.95  |d 14.96  |i 0913960098  |n 0001488120  |s active 
938 |a Baker and Taylor  |b BTCP  |n 77073604 //r95  |c $12.95 
949 |a updated  |b h  |c 2021/9/ 21  |e tchubary  |f 2:56:43 pm 
994 |a C0  |b TXA 
999 f f |s f2a7d785-de29-3826-bec1-774c85bda93b  |i e0d127cf-6798-3c33-8a5f-59b7a3ed146b  |t 0 
952 f f |p ric  |a Texas A&M University  |b Rellis Campus  |c Joint Library Facility  |s JLF  |d Remote Storage  |t 0  |e PS3515.O842 S635 1977  |h Library of Congress classification  |i unmediated -- volume  |m A14838040374 
998 f f |a PS3515.O842 S635 1977  |t 0  |l Remote Storage